Turkey : Recent Economic Developments.

This paper reviews economic developments in Turkey during 1992-96. The Turkish economy rebounded in 1995, with real gross national product rising by 8.1 percent, reversing the decline of 6.1 percent in 1994. A strong pickup in activity in the second and third quarters of 1995 more than compensated f...

Ausführliche Beschreibung

Bibliographische Detailangaben
Körperschaft: International Monetary Fund
Format: Zeitschrift
Sprache:English
Veröffentlicht: Washington, D.C. : International Monetary Fund, 1996.
Schriftenreihe:IMF Staff Country Reports; Country Report ; No. 1996/122
Online Zugang:Full text available on IMF
LEADER 01602cas a2200241 a 4500
001 AALejournalIMF006259
008 230101c9999 xx r poo 0 0eng d
020 |c 5.00 USD 
020 |z 9781451837988 
022 |a 1934-7685 
040 |a BD-DhAAL  |c BD-DhAAL 
110 2 |a International Monetary Fund. 
245 1 0 |a Turkey :   |b Recent Economic Developments. 
264 1 |a Washington, D.C. :  |b International Monetary Fund,  |c 1996. 
300 |a 1 online resource (179 pages) 
490 1 |a IMF Staff Country Reports 
500 |a <strong>Off-Campus Access:</strong> No User ID or Password Required 
500 |a <strong>On-Campus Access:</strong> No User ID or Password Required 
506 |a Electronic access restricted to authorized BRAC University faculty, staff and students 
520 3 |a This paper reviews economic developments in Turkey during 1992-96. The Turkish economy rebounded in 1995, with real gross national product rising by 8.1 percent, reversing the decline of 6.1 percent in 1994. A strong pickup in activity in the second and third quarters of 1995 more than compensated for the continued weakness in the first quarter and a slight decline in the fourth quarter caused by uncertainty in the run-up to the elections. Industry performed strongly, with a growth rate of 12.1 percent, followed by services (6.4 percent) and agriculture (2.6 percent). 
538 |a Mode of access: Internet 
830 0 |a IMF Staff Country Reports; Country Report ;  |v No. 1996/122 
856 4 0 |z Full text available on IMF  |u http://elibrary.imf.org/view/journals/002/1996/122/002.1996.issue-122-en.xml  |z IMF e-Library